LEADER 01408nam 2200361 n 450 001 996389216803316 005 20221108102502.0 035 $a(CKB)1000000000647038 035 $a(EEBO)2240885663 035 $a(UnM)99852879 035 $a(EXLCZ)991000000000647038 100 $a19920520d1581 uy | 101 0 $alat 135 $aurbn||||a|bb| 200 00$aSophoclis Antigone. Interprete Thoma VVatsono I.V. studioso. Huic adduntur pompæ quædam, ex singulis trag?diæ actis deriuatæ; & post eas, totidem themata sententijs refertissima; eodem Thoma Watsono authore$b[electronic resource] 210 $aLondini $cExcudebat Iohannes VVolfius$d1581 215 $a68 p 300 $aIn verse. 300 $aThe first leaf is blank. 300 $aReproduction of the original in the Henry E. Huntington Library and Art Gallery. 300 $aQuire A wrongly folded. 330 $aeebo-0113 700 $aSophocles$0439098 701 $aWatson$b Thomas$f1557?-1592.$01001577 801 0$bCu-RivES 801 1$bCu-RivES 801 2$bUk-ES 801 2$bCStRLIN 801 2$bWaOLN 906 $aBOOK 912 $a996389216803316 996 $aSophoclis Antigone. Interprete Thoma VVatsono I.V. studioso. Huic adduntur pompæ quædam, ex singulis trag?diæ actis deriuatæ; & post eas, totidem themata sententijs refertissima; eodem Thoma Watsono authore$92370549 997 $aUNISA